Music Quiz

Random Music or Album Quiz

Nightwish songs by album - Part 3 (clickable) Quiz Stats

 Plays Quiz not verified by Sporcle

Also try: Songs Done Twice
Challenge
Share
Tweet
Embed
Score 0/20 Timer 03:00
0 Plays Today
% Correct
Dark Passion Play
95.7%
Endless Forms Most Beautiful
95.7%
Endless Forms Most Beautiful
95.7%
Angels Fall First
94%
Angels Fall First
93.2%
Imaginaerum
93.2%
Imaginaerum
91.5%
Dark Passion Play
90.6%
Endless Forms Most Beautiful
89.7%
Angels Fall First
88.9%
% Correct
Oceanborn
88%
Imaginaerum
87.2%
Once
85.5%
Oceanborn
84.6%
Once
83.8%
Once
83.8%
Wishmaster
82.9%
Wishmaster
80.3%
Century Child
77.8%
Century Child
67.5%

You're not logged in!

Compare scores with friends on all Sporcle quizzes.
Join for Free
OR
Log In

You Might Also Like...

Show Comments

Extras

Top Quizzes Today


Score Distribution

Your Account Isn't Verified!

In order to create a playlist on Sporcle, you need to verify the email address you used during registration. Go to your Sporcle Settings to finish the process.

Report this User

Report this user for behavior that violates our Community Guidelines.

Details: